000 00602nam a2200181Ia 4500
008 100920s9999 xx 000 0 und d
082 _b102444
_a28 व 891,43 न 05
100 _aराणा संदीप.
245 _aसबसे बडा कौन.
260 _bखुरान एण्ड सन्स,दिल्ली.
_c2005
300 _a16
_bसाधी
365 _b50
520 _aबा.वि.हिंदी.
630 _aसबसे बडा कौन.
650 _aबा.वि.हिंदी.
730 _aसबसे बडा कौन.
942 _cBOOK
999 _c742877
_d742874